Statistiques concernant Les ères biologiques de le terre et leurs périodes

Cliquez ici pour prendre le quiz!

Statistiques générales

  • Ce quiz a été pris 212 fois
  • Le résultat moyen est 9 sur 20

Statistiques - réponses

AgeNom moment biologique% Correct
201 Ma périodejurassique
90%
145 Ma périodecrétacé
85%
250 Ma périodetrias
74%
550 Ma périodecambrien
60%
250 Ma èremésozoïque
59%
359 Ma périodecarbonifère
56%
299 Ma périodepermien
54%
4.6 Ga éonprécambrien
52%
550 Ma èrepaléozoïque
49%
66 Ma èrecénozoïque
47%
2.5 Ma périodequaternaire
46%
444 Ma périodesilurien
40%
485.4 Ma périodeordovicien
38%
420 Ma périodedévonien
29%
4.6 Ga èreHadéen
29%
66 Ma périodepaléogène
27%
4.0 Ga èreArchéen
25%
23 Ma périodenéogène
25%
550 Ma éonphanérozoïque
20%
2.5 Ga èreprotérozoïque
16%

Distribution des résultats

Percentile par nombre de réponses

% des personnes avec chaque résultat

Votre développement - résultats

Vous n’avez pas pris ce quiz